[Event "23rd Asia-ch (w)"]
[Site "Xingtai CHN"]
[Date "2019.06.15"]
[Round "9"]
[White "Mohota, Nisha"]
[Black "Mordido, Kylen Joy"]
[Result "1-0"]
[WhiteElo "2236"]
[BlackElo "2133"]
[EventDate "2019.06.07"]
[PlyCount "97"]

1.d4 Nf6 2.Nf3 g6 3.Bg5 Bg7 4.Nbd2 d5 5.e3 c5 6.dxc5 Qa5 7.c3 Qxc5 8.Nb3 
Qd6 9.Bf4 Qd8 10.Be2 Nc6 11.Nbd4 O-O 12.Ne5 Qb6 13.Qb3 Qxb3 14.axb3 Nxe5 
15.Bxe5 Ne4 16.Bxg7 Kxg7 17.Nb5 Bd7 18.Nc7 Rad8 19.f3 Nd6 20.Nxd5 e6 21.
Nb4 a6 22.Kf2 Bc8 23.Rhd1 g5 24.Nd3 Nb5 25.Nc5 Nc7 26.Ne4 h6 27.Rd6 Rxd6 
28.Nxd6 Rd8 29.Rd1 Kf8 30.e4 f6 31.Nxc8 Rxc8 32.Rd7 b5 33.b4 Ne8 34.h4 Kg8
35.g3 Rc6 36.Bd1 Nd6 37.Bb3 Kf8 38.Ke3 Ke8 39.Ra7 Nf7 40.c4 Ne5 41.c5 gxh4
42.gxh4 Nd7 43.f4 Kd8 44.f5 exf5 45.exf5 Nb8 46.Bd5 Rc7 47.Ra8 Kc8 48.c6 
Re7+ 49.Be4 1-0

[Event "23rd Asia-ch (w)"]
[Site "Xingtai CHN"]
[Date "2019.06.15"]
[Round "9"]
[White "Mahdian, Anousha"]
[Black "Kiran, Manisha Mohanty"]
[Result "1-0"]
[WhiteElo "2078"]
[BlackElo "2090"]
[EventDate "2019.06.07"]
[PlyCount "59"]

1.d4 Nf6 2.c4 g6 3.Nc3 d5 4.cxd5 Nxd5 5.Bd2 Bg7 6.e4 Nb6 7.Be3 O-O 8.Bb5 
f5 9.Nf3 a6 10.Bd3 f4 11.Bd2 Nc6 12.Qb3+ e6 13.Ne2 Kh8 14.Bc3 a5 15.h4 h6 
16.O-O-O Bd7 17.Bb5 Nb4 18.Bxd7 Qxd7 19.Ne5 Qe8 20.h5 Bxe5 21.dxe5 c5 22.
Bxb4 axb4 23.hxg6 Qxg6 24.Rd6 c4 25.Qh3 Rxa2 26.Qxh6+ Qxh6 27.Rxh6+ Kg8 
28.Rdxe6 Ra1+ 29.Kc2 Na4 30.b3 1-0

[Event "23rd Asia-ch (w)"]
[Site "Xingtai CHN"]
[Date "2019.06.15"]
[Round "9"]
[White "Kojima, Natsumi"]
[Black "Yan Tianqi"]
[Result "1/2-1/2"]
[WhiteElo "1711"]
[BlackElo "2036"]
[EventDate "2019.06.07"]
[PlyCount "56"]

1.e4 c5 2.Nf3 a6 3.c3 d5 4.exd5 Qxd5 5.d4 Nf6 6.Be2 cxd4 7.Qxd4 Nc6 8.Qxd5
Nxd5 9.Na3 e5 10.Nc2 Bc5 11.O-O Bf5 12.Ne3 Nxe3 13.Bxe3 Bxe3 14.fxe3 Bg4 
15.Bc4 f6 16.h3 Bh5 17.Nh4 Bf7 18.Bxf7+ Kxf7 19.Nf5 b6 20.Rad1 Rhd8 21.e4 
g6 22.Ne3 Ne7 23.Rxd8 Rxd8 24.Nc4 Ke6 25.Nxb6 Rd2 26.Rf2 Rd1+ 27.Rf1 Rd2 
28.Rf2 Rd1+ 1/2-1/2

[Event "23rd Asia-ch (w)"]
[Site "Xingtai CHN"]
[Date "2019.06.15"]
[Round "9"]
[White "Wang Doudou"]
[Black "Hamid, Rani"]
[Result "1-0"]
[WhiteElo "2188"]
[BlackElo "1929"]
[EventDate "2019.06.07"]
[PlyCount "79"]

1.d4 Nf6 2.c4 e6 3.Nc3 Bb4 4.Qc2 d5 5.e3 O-O 6.a3 Bxc3+ 7.Qxc3 Nbd7 8.Nf3 
c6 9.Bd3 Re8 10.O-O Ne4 11.Qc2 f5 12.b4 b6 13.Bb2 Bb7 14.Rfc1 a5 15.Qb3 g5
16.Qc2 g4 17.Ne5 Nxe5 18.dxe5 Re7 19.Qe2 Rg7 20.cxd5 cxd5 21.Bd4 Ng5 22.
Kh1 h5 23.b5 h4 24.f4 Nh7 25.Rc2 Nf8 26.Rac1 Rb8 27.Rc3 Nd7 28.Kg1 Qe7 29.
Qb2 Rf7 30.Rc7 Qd8 31.R7c3 Rf8 32.a4 Qe7 33.Rc7 Qd8 34.Qa3 Re8 35.Qd6 Rc8 
36.Bxf5 Nc5 37.Qxd8 Rexd8 38.Rxc8 Bxc8 39.Bxg4 Nxa4 40.Rxc8 1-0